Handbook of Fastening and Joining of Metal Parts (Record no. 61031)
[ view plain ]
| 000 -LEADER | |
|---|---|
| fixed length control field | 00667nam a22001817a 4500 |
| 003 - CONTROL NUMBER IDENTIFIER | |
| control field | NUST-PNEC |
| 005 - DATE AND TIME OF LATEST TRANSACTION | |
| control field | 20170116180712.0 |
| 008 - FIXED-LENGTH DATA ELEMENTS--GENERAL INFORMATION | |
| fixed length control field | 141015b xxu||||| |||| 00| 0 eng d |
| 040 ## - CATALOGING SOURCE | |
| Transcribing agency | PNEC |
| 082 ## - DEWEY DECIMAL CLASSIFICATION NUMBER | |
| Classification number | 671.5 LAU |
| 100 ## - MAIN ENTRY--PERSONAL NAME | |
| 9 (RLIN) | 601 |
| Personal name | Laughner Vallory H |
| 245 ## - TITLE STATEMENT | |
| Title | Handbook of Fastening and Joining of Metal Parts |
| Remainder of title | Vallory H Laughner |
| 260 ## - PUBLICATION, DISTRIBUTION, ETC. | |
| Place of publication, distribution, etc. | New York, |
| Name of publisher, distributor, etc. | McGraw-Hill, |
| Date of publication, distribution, etc. | c.1956 |
| 300 ## - PHYSICAL DESCRIPTION | |
| Extent | 622 p. : |
| Other physical details | ill. : |
| Dimensions | 29 cm. |
| 500 ## - GENERAL NOTE | |
| General note | http://www.amazon.com/HANDBOOK-FASTENING-JOINING-Laughner-Vallory/dp/B00CXK72NS/ref=sr_1_2?s=books&ie=UTF8&qid=1413359579&sr=1-2&keywords=handbook+of+fastening+and+joining+of+metal+parts |
| 650 ## - SUBJECT ADDED ENTRY--TOPICAL TERM | |
| General subdivision | ME |
| 942 ## - ADDED ENTRY ELEMENTS (KOHA) | |
| Source of classification or shelving scheme | |
| Koha item type | Book |
| Withdrawn status | Lost status | Source of classification or shelving scheme | Damaged status | Not for loan | Permanent Location | Current Location | Shelving location | Date acquired | Source of acquisition | Cost, normal purchase price | Total Checkouts | Full call number | Barcode | Date last seen | Cost, replacement price | Price effective from | Koha item type |
|---|---|---|---|---|---|---|---|---|---|---|---|---|---|---|---|---|---|
| Pakistan Navy Engineering College (PNEC) | Pakistan Navy Engineering College (PNEC) | Reference | - | 0.00 | 671.5 LAU | PNECLIB-000527 | 10/15/2014 | 0.00 | Book |
